000
00313nam a2200121Ia 4500
008
190216s9999||||xx |||||||||||||| ||und||
100
_a
Balakrishnan B N
245
4
_a
The Silver Lute An Anthology Of Poetry
260
_b
Mac Millian And Com. Ltd
_c
1983
300
_a
78p
650
_a
English Poetry
942
_c
BK
999
_c
13189
_d
13189